Southville International School and Colleges
Your cart is empty.
  • Cart
  • Lists
    Public lists Eva Luna New books Lux_list list_1
    Your lists Log in to create your own lists
  • Log in to your account
  • Your cookies
  • Search history
Southville International School and Colleges
  • Advanced search
  • Recent comments
  • Most popular
  • Libraries

Log in to your account

Log in with GOOGLE


If you do not have an external account, but do have a local account, you can still log in:

  1. Home
  2. MARC view: Developing skills in grammar & composition 2 /
Normal view MARC view ISBD view

Developing skills in grammar & composition 2 / (Record no. 291723)

[ view plain ]
MARC details
000 -LEADER
fixed length control field 00731nam a2200241Ia 4500
008 - FIXED-LENGTH DATA ELEMENTS--GENERAL INFORMATION
fixed length control field 160319s9999 xx 000 0 und d
020 ## - INTERNATIONAL STANDARD BOOK NUMBER
International Standard Book Number 971-08-3089-9
050 ## - LIBRARY OF CONGRESS CALL NUMBER
Classification number FIL PE 1065
050 ## - LIBRARY OF CONGRESS CALL NUMBER
Item number .A46 2006 c.2
100 ## - MAIN ENTRY--PERSONAL NAME
Personal name Almario, Corazon G.
245 ## - TITLE STATEMENT
Title Developing skills in grammar & composition 2 /
245 ## - TITLE STATEMENT
Statement of responsibility, etc Corazon G. Alamario.
260 ## - PUBLICATION, DISTRIBUTION, ETC. (IMPRINT)
Place of publication, distribution, etc Mandaluyong:
260 ## - PUBLICATION, DISTRIBUTION, ETC. (IMPRINT)
Name of publisher, distributor, etc National Book Store,
260 ## - PUBLICATION, DISTRIBUTION, ETC. (IMPRINT)
Date of publication, distribution, etc 2006
300 ## - PHYSICAL DESCRIPTION
Extent 243 pages :
300 ## - PHYSICAL DESCRIPTION
Other physical details illustrations ;
300 ## - PHYSICAL DESCRIPTION
Dimensions 22 cm.
440 ## - SERIES STATEMENT/ADDED ENTRY--TITLE
Title Developing language skills for college.
500 ## - GENERAL NOTE
General note Includes bibliographical references and index.
650 ## - SUBJECT ADDED ENTRY--TOPICAL TERM
Topical term or geographic name as entry element English language -- Composition and exercises.
650 ## - SUBJECT ADDED ENTRY--TOPICAL TERM
General subdivision English language -- Grammar.
Holdings
Withdrawn status Lost status Damaged status Home library Current library Shelving location Date acquired Total Checkouts Full call number Barcode Date last seen Price effective from Koha item type
      South Mansfield College South Mansfield College Filipiniana Section 01/10/2008   FIL PE 1065 .A46 2006 c.2 SMC04132 03/19/2016 03/19/2016  

Developing skills in grammar & composition 2 /

APA

Almario C. G., .Developing skills in grammar & composition 2. Mandaluyong: .

Chicago

Almario Corazon G, .Developing skills in grammar & composition 2. Mandaluyong: .

Harvard

Almario C. G., .Developing skills in grammar & composition 2. Mandaluyong: .

MLA

Almario Corazon G, .Mandaluyong: . .

  • Place hold
  • Print
  • Cite
  • Add to your cart (remove)
  • Save record
    BIBTEX Dublin Core MARCXML MARC (non-Unicode/MARC-8) MARC (Unicode/UTF-8) MARC (Unicode/UTF-8, Standard) MODS (XML) RIS
  • More searches
    Search for this title in:
    Other Libraries (WorldCat) Other Databases (Google Scholar) Online Stores (Bookfinder.com) Open Library (openlibrary.org)

Exporting to Dublin Core...

SOUTHVILLE LIBRARY

Southville International School and Colleges Library

1281 Tropical Ave. Cor. Luxembourg St., BF Homes International, Las Pinas City

Tel. No. 8256374 / 252358 Loc. 117/146

Powered by Koha